000
00297nam a2200133Ia 4500
005
20251222151313.0
008
251222s9999||||xx |||||||||||||| ||spa||
020
_a
312306261
082
_a
813.54/E96
100
_a
Evanovich, Janet
245
0
_a
Eleven on Top
250
_a
1ra.ed.
942
_c
LIB
999
_c
23417
_d
23417